Biblioteca

Cualquier oficio es bueno para Dios (Registro nro. 52402)

Detalles MARC
000 -LÍDER
Campo fijo de descripción fija 01046aab a2200205 i 4500
001 - NÚMERO DE CONTROL
Campo de control 768714001
003 - IDENTIFICADOR DEL NÚMERO DE CONTROL
Campo de control CO-MdFUSB
005 - FECHA Y HORA DE LA ULTIMA TRANSACCIÓN
control field 20250820165851.0
008 - ELEMENTOS DE LONGITUD FIJA -- INFORMACIÓN GENERAL
Campo fijo de descripción fija -- Información general 220824s1996 ck ||||| |||| 00| 0 spa d
040 ## - FUENTE DE CATALOGACIÓN
Idioma de catalogación spa
Agencia que realiza la transcripción CO-MdFUSB
Agencia que realiza la modificación CO-MdFUSB
041 ## - CÓDIGO DE IDIOMA
Código de idioma para texto/pista de sonido o título separado spa
100 1# - ASIENTO PRINCIPAL--NOMBRE PERSONAL
Nombre personal Uzbeko, Uzías
Término relacionador autor
245 10 - TÍTULO
Título Cualquier oficio es bueno para Dios
Subtitulo / Uzías Uzbeko
300 ## - DESCRIPCIÓN FÍSICA
Extensión Volumen 18, número 3 (julio - septiembre, 1999), página: 14
Dimensiones ; 27 cm
520 ## - NOTA DE RESUMEN, ETC.
Nota de sumario, etc. Una vez más la palabra de Dios se hace carne en uno de sus hijos. El mismo que llamó se encarga de perfeccionar, fortalecer y establecer a los que son llamados. Cualquier cosa que esté en tu mano sirve para ofrecerla a Dios y él, con total certeza, la usará para su gloria. Para Dios, tanto tú mismo como tu decisión de servir son herramientas para usar en un lugar de la tierra.
650 #0 - ASIENTO SECUNDARIO DE MATERIA - TERMINO TEMÁTICO
9 (RLIN) 362
Término temático o nombre geográfico como elemento de entrada Evangelización
773 0# - ASIENTO DE ITEM FUENTE
Título Iglesia y Misión
Biblionumber 49402
Itemnumber 59631
Parte(s) relacionada(s) / Volumen., número. (mes año), páginas Volumen 18, número 3 (julio - septiembre, 1999), página: 14
Enumeración y primera página página: 14
942 ## - TIPO DE MATERIAL (KOHA)
Tipo de Item KOHA Artículos de Revista
945 ## - INFORMACIÓN LOCAL DEL REGISTRO
Catalogador JTF-925

No hay ítems disponibles.

Biblioteca FUSBC | Teléfono: (57+4) 349 88 10 Ext. 141| WhatsApp (+57) 3005338115 
E-mail: biblioteca@unisbc.edu.co | Calle 76 87-14 Robledo Palenque, Medellín, Colombia

Con tecnología Koha